| 000 | 01080nam a2200349 c 4500 | ||
|---|---|---|---|
| 003 | BLK | ||
| 005 | 20180420221050.0 | ||
| 008 | 180408b bul|||||r ||||||| ||bul|| | ||
| 010 | _aKNG00041577000 | ||
| 020 |
_a2-03-710210-0 _bиздат.: Larousse |
||
| 040 | _aBLK | ||
| 041 |
_aFRE _cFRE |
||
| 080 |
_aПословици и поговорки. Вицове _b398.9 _x(03) _z398.9(03) |
||
| 100 | 1 |
_aMaloux, Maurice _eпърви автор _917681 |
|
| 139 |
_aMaloux, Maurice _bM 22 |
||
| 245 | 1 | 0 |
_aDictionnaire des proverbes, sentences et maximes _cMaurice Maloux. |
| 257 | _aFRA | ||
| 260 |
_аParis _bLarousse _c1991 |
||
| 300 |
_a628 c. _c18 cm |
||
| 380 | _a3 | ||
| 490 | 1 | _aReferences Larousse langue francaise | |
| 650 | 4 |
_aПословици, френски - речници _9276134 |
|
| 653 | _aпословици | ||
| 653 | _aпоговорки | ||
| 653 | _aмаксими | ||
| 653 | _aречници | ||
| 852 | _aЦб І 26638 | ||
| 856 | 4 |
_qpdf _u |
|
| 856 | 4 |
_qpdf _u |
|
| 942 |
_cKNG _n0 |
||
| 944 |
_aCR _c15.01.2003 _kДиана_Димитрова |
||
| 944 |
_aED _c23.05.2013 _k |
||
| 999 |
_c38362 _d38362 |
||